000
00217 a2200109 4500
020
_a
9781880684245
041
_a
eng
100
_a
Burgos, Julia de
245
_a
Song of the simple truth
942
_c
BK
999
_c
9223
_d
9223
999
_d
9223